Rilla de Ingleside (Record no. 117335)

MARC details
000 -LÍDER
campo de controle de tamanho fixo 01338 a2200289 4500
001 - NÚMERO DE CONTROLE
campo de controle 117335
003 - IDENTIFICADOR DO NÚMERO DE CONTROLE
campo de controle OSt
005 - DATA E HORÁRIO DA ÚLTIMA TRANSAÇÃO
campo de controle 20240326185225.0
008 - CAMPO DE DADOS FIXOS--INFORMAÇÃO GERAL
campo de controle de tamanho fixo 240326b |||||||| |||| 00| 0 POR d
020 ## - ISBN - INTERNATIONAL STANDARD BOOK NUMBER
ISBN - International Standard Book Number 9786555002973
020 ## - ISBN - INTERNATIONAL STANDARD BOOK NUMBER
Informação qualificadora (Broch.)
040 ## - FONTE DA CATALOGAÇÃO
Instituição da catalogação original BR-BrIDEA
Instituição que transcreveu o registro BR-BrIDEA
041 ## - CÓDIGO DE IDIOMA
Código do idioma do texto/trilha sonora ou título diferente por
082 ## - CDD - CLASSIFICAÇÃO DECIMAL DE DEWEY
Número de Classificação [Fic]
090 ## - NÚMERO DE CHAMADA LOCAL
Número de chamada (OCLC) (R); Número de chamada, CALL (RLIN) (NR) A Year 5 [Fic]
Número Cutter local (OCLC); Número de classificação do livro, CALL (RLIN) MON
100 ## - ENTRADA PRINCIPAL--NOME PESSOAL
Nome pessoal Monigomery, Lucy Maud
245 10 - TÍTULO
Título Rilla de Ingleside
Indicação de responsabilidade, etc. Lucy Maud Monigomery; tradução de Rafael Bonaldi; ilustrações de Beatriz Mayumi
260 ## - PUBLICAÇÃO, DISTRIBUIÇÃO, ETC.
Local de publicação, distribuição, etc. São Paulo
Nome do editor, distribuidor, etc. Ciranda Cultural
Data da publicação, distribuição, etc. 2020
300 ## - DESCRIÇÃO FÍSICA
Extensão 320p.
Material de acompanhamento 16cm x 23cm
490 ## - TÍTULO DA SÉRIE
Título da série Universo Anne
520 ## - NOTA DE RESUMO, ETC
Resumo, etc. Rilla está chegando aos quinze anos e o seu primeiro baile no farol de Four Winds se aproxima trazendo também a expectativa por um romance com Kenneth Ford. Porém, os desafios que aguardam a filha caçula de Anne podem ser maiores que o anseio por um primeiro beijo, com a eminência de uma guerra que ameaça a família Blythe. Anne e Gilbert se preocupam com os seus filhos e com a ingenuidade da pequena Rilla, que terá sua coragem e amadurecimento testados por episódios que a mudarão para sempre.
521 ## - NOTA DO PÚBLICO ALVO
Nota de público alvo Year 5
697 ## - ENTRADA DE ASSUNTO LOCAL--ENTIDADE COLETIVA (RLIN)
Nome corporativo ou nome da jurisdição Literatura infantojuvenil
700 ## - ENTRADA ADICIONADA - NOME PESSOAL
Nome pessoal Bonaldi, Rafael
Função do autor por extenso Tradutor
Nome pessoal Mayumi, Beatriz
Função do autor por extenso Ilustrador
856 ## - LOCALIZAÇÃO ELETRÔNICA E ACESSO
Uniform Resource Identifier <a href="00002a/00002abe.jpg">00002a/00002abe.jpg</a>
942 ## - ELEMENTOS DE ENTRADA ADICIONADOS (KOHA)
Tipo de material Koha Livros
Fonte da classificação ou esquema de arquivamento na estante
Holdings
Situação do descarte Situação das perdas Fonte da classificação ou esquema de arquivamento na estante Situação física Não pode ser emprestado Biblioteca de origem Biblioteca atual Data de aquisição Total de empréstimos Número de chamada completo Código de barras Data de último acesso Data do preço efetivo Tipo de material Koha
          Canadian School of Niterói - Itacoatiara Canadian School of Niterói - Itacoatiara 09/02/2024   MON A31420 09/02/2024 09/02/2024 Livros
          ECB - SUDOESTE ECB - SUDOESTE 26/03/2024   Year 6 [Fic] MON 7910509050SSW 26/03/2024 26/03/2024 Livros
    Classificação Decimal de Dewey     ECB - ÁGUAS CLARAS ECB - ÁGUAS CLARAS 22/07/2021   A Year 5 [Fic] MON 00054503AGC 23/01/2024 23/01/2024 Livros